000
00211nam a2200085Ia 4500
008
120527s9999 xx 000 0 und d
100
_a
Bradley, Joseph
245
_a
Administrative financial management
942
_c
BK
999
_c
27091
_d
27091